Infamous World Leaders - Statistics

General Stats
  • This quiz has been taken 154 times
    122 since last reset
  • The average score is 12 of 20
Answer Stats
Rule Hint Name % Correct
1933-1945 German painter who started WWII and massacred millions of Jews Adolf Hitler
99%
1922-1934 Italian actor who founded Fascism and invaded Ethiopia Benito Mussolini
96%
1924-1953 Soviet politician who promoted industrialism and common ownership Joseph Stalin
94%
2017-2021 American businessman who built the US-Mexican barrier wall Donald Trump
84%
1948-1994 Korean politician who founded North Korea and started the Korean War Kim Il-Sung
79%
1979-2003 Iraqi president who invaded Iran and Kuwait, starting the Gulf Wars Saddam Hussein
77%
1939-1975 Caudillo of Spain, rose to power during the Spanish Civil War Francisco Franco
76%
1945-1969 Leader of Vietnam's nationalist movement and president of North Vietnam Ho Chi Minh
76%
1976-1979 Leader of the Khmer Rouge, tried to create a utopian society in Cambodia Pol Pot
76%
1969-2011 Controversial leader of Libya who provided much welfare to citizens Muammar Gaddafi
68%
1971-1979 Flesh-eating president who claimed Uganda to be the central of the world Idi Amin
67%
1987-2017 Rhodesian politician who led to the depreciation of the Zimbabwe Dollar Robert Mugabe
49%
1967-1998 Reformed the Indonesian economy, maintained a pro-western stance Suharto
40%
1983-1989 Panamanian dictator who trafficked drugs and murdered his opponents Manuel Noriega
39%
1965-1997 Congolese president who re-Africanized the DRC, changing it to Zaire Mobutu Sese Seko
34%
1965-1989 Socialist leaders whose crop imports led to famine in Romania Nicolae Ceaușescu
32%
1930-1961 "El Jefe" who ruled a bloody regime in the Dominican Republic Rafael Trujillo
29%
1966-1979 President of the Central African Republic who made himself emperor Jean-Bédel Bokassa
24%
1941-1945 Head of the Nazi government in Croatia during WWII Ante Pavelić
20%
1991-2006 Turkmen president who erected a gold statue that rotates to face the sun Saparmurat Niyazov
13%
No matching quizzes found
Score Distribution
Percent of People with Each Score
Percentile by Number Answered
Your Score History
You have not taken this quiz since the last reset